000 00466nam a2200157Ia 4500
005 20250508155542.0
008 008 250505s9999 xx 000 0 eng d
037 _aBooks to be hide in OPAC
040 _aFEDL
_beng
_cFEDL
041 _aeng
_2eng
084 _a379.5416, ASS/O
_qFEDL
245 0 _aGeneral report on public instruction in Assam for the year 1934-35
300 _a51p.
942 _cHB
_h379.5416, ASS/O
999 _c1357688
_d1357688